La estructura de la ciencia (Registro nro. 5852)
[ vista simple ]
| 000 -LEADER | |
|---|---|
| fixed length control field | 01307 a2200193 4500 |
| 001 - CONTROL NUMBER | |
| control field | 54966 |
| 005 - DATE AND TIME OF LATEST TRANSACTION | |
| control field | 20260407155825.0 |
| 008 - FIXED-LENGTH DATA ELEMENTS--GENERAL INFORMATION | |
| fixed length control field | 260407a1966 arg spa d |
| 003 - CONTROL NUMBER IDENTIFIER | |
| control field | AR-UNSa-BCEJYS |
| 040 ## - CATALOGING SOURCE | |
| Original cataloging agency | AR-UNSa-BCEJYS |
| Language of cataloging | spa |
| Transcribing agency | AR-UNSa-BCEJYS |
| 080 ## - UNIVERSAL DECIMAL CLASSIFICATION NUMBER | |
| Universal Decimal Classification number | 167 |
| Common auxiliary subdivision | Investigación científica<br/> |
| 100 1# - MAIN ENTRY--PERSONAL NAME | |
| Personal name | Nagel, Ernest |
| 245 10 - TITLE STATEMENT | |
| Title | La estructura de la ciencia |
| Name of part/section of a work | problemas de la lógica de la investigación científica |
| 264 #1 - PRODUCTION, PUBLICATION, DISTRIBUTION, MANUFACTURE, AND COPYRIGHT NOTICE | |
| Place of production, publication, distribution, manufacture | Buenos Aires : |
| Name of producer, publisher, distributor, manufacturer | Paidós |
| Date of production, publication, distribution, manufacture, or copyright notice | 1966 |
| 300 ## - PHYSICAL DESCRIPTION | |
| Extent | 543 p. |
| Dimensions | 23 cm. |
| 505 ## - FORMATTED CONTENTS NOTE | |
| Formatted contents note | 1. La ciencia y el sentido común – 2. Modelo de explicación científica – 3. El modelo deductivo de explicación – 4. El carácter lógico de las leyes científicas – 5. Las leyes experimentales y las teorías – 6. El status cognoscitivo de las teorías – 7. Las explicaciones mecánicas y la ciencia de la mecánica – 8. El espacio y la geometría – 9. La geometría y la física – 10. Casualidad e indeterminismo en la teoría física – 11. La reducción de teorías – 12. Explicación mecanicista y biología organicista – 13. Problemas metodológicos de las ciencias sociales – 14. Explicación y comprensión de las ciencias sociales – 15. Problemas de la lógica de la investigación histórica. |
| 590 ## - LOCAL NOTE (RLIN) | |
| Local note | niveau_biblio:m niveau_hierar:0 |
| 942 ## - ADDED ENTRY ELEMENTS (KOHA) | |
| Koha item type | |
| Withdrawn status | Lost status | Damaged status | Not for loan | Home library | Current library | Shelving location | Date acquired | Total checkouts | Full call number | Barcode | Date last seen | Price effective from | Koha item type |
|---|---|---|---|---|---|---|---|---|---|---|---|---|---|
| Biblioteca Prof. Eusebio Cleto del Rey | Biblioteca Prof. Eusebio Cleto del Rey | 07/04/2026 | 167 N147 | L24540 | 07/04/2026 | 07/04/2026 | Libro | ||||||
| Biblioteca Prof. Eusebio Cleto del Rey | Biblioteca Prof. Eusebio Cleto del Rey | 07/04/2026 | 167 N147 | L24541 | 07/04/2026 | 07/04/2026 | Libro |